| 000 | 00842nam a2200229Ii 4500 | ||
|---|---|---|---|
| 003 | JO-AjNU | ||
| 008 | 230605s9999||||xx |||||||||||||| ||und|| | ||
| 017 | _a1998/5/832 | ||
| 040 |
_aJO-AjNU _bara _erda _cJO-AjNU |
||
| 041 | _aara | ||
| 050 | 1 | 4 | _aDS36.8.F37 1998 |
| 100 | 3 |
_aتاليف فوزي، فاروق عمر , _eauthor _957711 |
|
| 245 | 0 | 0 | _aمدخل الى تاريخ ال البيت منذ فجر الاسلام حتى مطلع العصر الحديث |
| 250 | _aط1 | ||
| 264 | 3 | 1 | _aعمان: جامعة ال البيت، 1998 |
| 300 |
_a476ص _bكشاف:465-476 |
||
| 336 |
_atext _btxt _2rdacontent |
||
| 337 |
_aunmediated _bn _2rdamedia |
||
| 338 |
_avolume _bnc _2rdacarrier |
||
| 490 | 0 | _aمنشورات جامعة ال البيت 61 | |
| 650 | 4 |
_aاهل بيت الرسول-سيره النبويه-تاريخ _957712 |
|
| 999 |
_aA25878 _c29446 _d29446 |
||